[Event "Challenge"]
[Site "http://www.queenalice.com/game.php?id=402798"]
[Date "2008.5.14"]
[Round "-"]
[White "dpenguin"]
[Black "Gagno"]
[Result "0-1"]
[WhiteElo "1125"]
[BlackElo "1576"]

1. e4 e5 2. Qf3 Nf6 3. Bc4 c6 4. g4 d5 5. exd5 cxd5 6. Bb5+ Nc6 7. Qb3 Nxg4 8.
Nf3 a6 9. Ba4 b5 10. Bxb5 axb5 11. Qxb5 Qd7 12. Rg1 Nb4 13. a4 Qxb5 14. axb5
Rxa1 15. b6 Nxc2+ 16. Ke2 Ba6+ 0-1

[Event "Challenge"]
[Site "http://www.queenalice.com/game.php?id=426774"]
[Date "2008.7.3"]
[Round "-"]
[White "Lintz"]
[Black "Gagno"]
[Result "1-0"]
[WhiteElo "1960"]
[BlackElo "1589"]

1. e4 e5 2. Nf3 Nc6 3. Bc4 Nf6 4. Ng5 d5 5. exd5 Nxd5 6. Nxf7 Kxf7 7. Qf3+ Ke6
8. Nc3 Nb4 9. Bb3 Bc5 10. O-O Rf8 11. Qh3+ Kd6 12. Qxh7 Bxf2+ 13. Rxf2 Rxf2 14.
Kxf2 Qf6+ 15. Kg1 Nxc3 16. dxc3 Bf5 17. Qh5 Nc6 18. Bg5 Qg6 19. Rd1+ Nd4 20.
Qxg6+ Bxg6 21. cxd4 e4 22. c4 Re8 23. Re1 c5 24. dxc5+ Kxc5 25. Be3+ Kc6 26.
Ba4+ b5 27. Bxb5+ Kb7 28. Bxe8 Bxe8 29. Bd4 Ka6 30. Rxe4 Bf7 31. Bxg7 Bxc4 32.
Rxc4 Kb5 33. b3 a5 34. a4+ Kb6 35. Kf2 Ka7 36. Ke3 Kb6 37. h4 Ka6 38. Bc3 Kb6
39. Bxa5+ Ka6 40. Kd4 Kb7 41. Kd5 Ka6 42. Rb4 Ka7 43. Kc5 Ka6 44. h5 Ka7 45. h6
Ka6 46. h7 Ka7 47. Rb5 Ka8 48. h8=Q+ Ka7 49. Qb8+ Ka6 50. Qb6# 1-0

[Event "Challenge"]
[Site "http://www.queenalice.com/game.php?id=426775"]
[Date "2008.7.3"]
[Round "-"]
[White "Gagno"]
[Black "Lintz"]
[Result "1-0"]
[WhiteElo "1587"]
[BlackElo "1964"]

1. e4 c5 2. Bc4 Nc6 3. Nf3 e6 4. Nc3 a6 5. O-O e5 6. a4 Be7 7. Nd5 Nf6 8. Nxe7
Qxe7 9. Ng5 O-O 10. Bxf7+ Rxf7 11. Nxf7 Qxf7 12. d3 d6 13. h3 Qg6 14. Kh2 Bd7
15. c3 Rf8 16. Qb3+ Kh8 17. Qxb7 a5 18. Qb3 Nh5 19. Qd1 Nf4 20. Bxf4 exf4 21.
Rg1 Ne5 22. g4 Qh6 23. f3 Be6 24. Qe2 Bc8 25. d4 cxd4 26. cxd4 Nc6 27. Qc4 Nb4
28. Rac1 Qe6 29. d5 Qe8 30. b3 Ba6 31. Qc7 Qd8 32. Qxd8 Rxd8 33. Rc7 h6 34. Rf7
Nd3 35. Ra7 Nb4 36. Re1 Kg8 37. e5 dxe5 38. Rxe5 Rf8 39. Re4 Rc8 40. Rxb4 axb4
41. Rxa6 Rc3 42. d6 Rd3 43. Rb6 Rxb3 44. d7 Rb2+ 45. Kg1 Rb1+ 46. Kf2 Rd1 47.
Rb8+ Kh7 48. d8=Q Rxd8 49. Rxd8 b3 50. Rb8 h5 51. a5 b2 52. Rxb2 Kh6 53. Rb5 h4
54. a6 g6 55. a7 1-0

[Event "Challenge"]
[Site "http://www.queenalice.com/game.php?id=431923"]
[Date "2008.7.12"]
[Round "-"]
[White "Gagno"]
[Black "andresalles"]
[Result "1/2-1/2"]
[WhiteElo "1576"]
[BlackElo "1730"]

1. e4 e5 2. Nf3 Nc6 3. Bc4 h6 4. b3 Nf6 5. d3 Bc5 6. Bb2 d6 7. O-O Bg4 8. h3
Bxf3 9. Qxf3 O-O 10. c3 a6 11. Bc1 g5 12. Be3 Na5 13. Bxc5 dxc5 14. b4 Nxc4 15.
dxc4 c6 16. Rd1 Qe7 17. Nd2 cxb4 18. cxb4 Rad8 19. Nb3 Qe6 20. Nc5 Qe7 21. Nxb7
Qxb7 22. Qxf6 Rxd1+ 23. Rxd1 Qxb4 24. Qxh6 Qxc4 25. Rd6 Qc1+ 26. Kh2 Qf4+ 27. g3
Qxf2+ 28. Kh1 Qxg3 29. Rxc6 Qh4 30. Qxh4 gxh4 31. Rxa6 f6 32. Ra7 Rd8 33. Kg2
Rd3 34. a4 Ra3 35. a5 Kf8 36. a6 Ke8 37. Rh7 Rxa6 38. Kf3 Ra3+ 39. Kg4 Rg3+ 40.
Kxh4 Rg5 41. Rh5 Rxh5+ 42. Kxh5 Kf7 43. h4 Kg7 44. Kg4 Kf7 45. Kf5 Kg7 46. h5
Kh6 47. Kxf6 Kxh5 48. Kxe5 Kg6 49. Kd5 Kf6 50. Kd6 Kf7 51. e5 Ke8 52. e6 Kd8 53.
Ke5 Ke7 54. Kd5 Ke8 55. Kd6 Kd8 56. Kc6 Ke7 57. Kd5 Ke8 58. Ke5 Ke7 59. Kf5 Ke8
1/2-1/2

[Event "Challenge"]
[Site "http://www.queenalice.com/game.php?id=443818"]
[Date "2008.8.5"]
[Round "-"]
[White "Gagno"]
[Black "vasileC"]
[Result "1-0"]
[WhiteElo "1693"]
[BlackElo "1780"]

1. e4 e5 2. Nf3 f6 3. Nc3 c6 4. Bc4 b5 5. Bxg8 Rxg8 6. O-O Ba6 7. d3 d5 8. Nd2
d4 9. Qh5+ Kd7 10. Qf7+ Be7 11. Ne2 Kc7 12. Nb3 Bc8 13. Bd2 Nd7 14. Nc5 Kb8 15.
Ne6 Qe8 16. Qxe8 Rxe8 17. Nxg7 Rg8 18. Nf5 Bc5 19. b4 Bf8 20. f4 h5 21. fxe5 1-0

[Event "Challenge"]
[Site "http://www.queenalice.com/game.php?id=443819"]
[Date "2008.8.5"]
[Round "-"]
[White "andresalles"]
[Black "Gagno"]
[Result "0-1"]
[WhiteElo "1849"]
[BlackElo "1656"]

1. e4 e5 2. Bc4 Nc6 3. Nf3 Be7 4. d4 d6 5. dxe5 dxe5 6. Qxd8+ Bxd8 7. O-O Nf6 8.
Nc3 O-O 9. a3 Bg4 10. Be2 Be7 11. Bg5 a6 12. Rfe1 h6 13. Bxf6 Bxf6 14. Nd5 Bxf3
15. Bxf3 Rac8 16. Nxf6+ gxf6 17. c3 Rcd8 18. b4 Rd3 19. Rac1 Na7 20. Be2 Rd2 21.
Bg4 Nb5 22. a4 Na3 23. Be2 Nc2 24. h4 Nxe1 25. Rxe1 Rfd8 26. g3 Rb2 27. Bg4 b6
28. Kg2 Rdd2 29. Kf3 Rxf2+ 30. Ke3 Rg2 31. Rd1 Rxg3+ 32. Bf3 Rh3 33. Rg1+ Kf8
34. Rd1 Rb3 35. Rd8+ Ke7 36. Rd3 Rxh4 37. a5 Rf4 38. axb6 cxb6 39. Bd1 Ra3 40.
Bh5 Ke6 41. Kd2 Rxe4 42. Bf3 Rf4 43. Kc2 a5 44. bxa5 Rxa5 45. c4 e4 0-1

[Event "AUTO-INT-997"]
[Site "http://www.queenalice.com/game.php?id=446021"]
[Date "2008.8.9"]
[Round "1"]
[White "TORNADO"]
[Black "Gagno"]
[Result "0-1"]
[WhiteElo "1517"]
[BlackElo "1766"]

1. e4 e5 2. d3 Nc6 3. g3 Nf6 4. Bg5 Be7 5. Be2 O-O 6. f4 d6 7. f5 b6 8. g4 Bb7
9. c3 h6 10. Be3 d5 11. h4 dxe4 12. g5 hxg5 13. Bxg5 exd3 14. Bxd3 Nb4 15. Rh3
e4 16. Be2 Qxd1+ 17. Bxd1 Nd3+ 18. Kf1 Ba6 19. b4 Nf4+ 20. Be2 Nxh3 21. Bxa6
Nxg5 22. hxg5 Nd5 23. Bb7 Rad8 24. Bxd5 Rxd5 25. Na3 Bxg5 26. Nh3 Rxf5+ 27. Kg2
e3 28. Nxg5 Rxg5+ 29. Kf3 Re8 30. Nc2 e2 31. Kf4 f6 32. c4 g6 33. a4 Rf5+ 34.
Kg3 Kh7 35. Rh1+ Rh5 36. Ne1 Rxh1 37. Kf2 Rf1+ 38. Kg2 Rxe1 39. Kf2 Rf1+ 40. Kg2
Re3 41. a5 e1=Q 0-1

[Event "AUTO-INT-997"]
[Site "http://www.queenalice.com/game.php?id=446022"]
[Date "2008.8.9"]
[Round "1"]
[White "Gagno"]
[Black "TORNADO"]
[Result "1-0"]
[WhiteElo "1773"]
[BlackElo "1506"]

1. e4 e5 2. Nf3 d6 3. Bc4 Be6 4. Bxe6 fxe6 5. d3 g5 6. Nxg5 Qe7 7. Nc3 Bh6 8.
Qh5+ Kd7 9. Nf7 Nf6 10. Nxe5+ dxe5 11. Qxh6 c6 12. Bg5 Rf8 13. O-O Kc7 14. Rfd1
Nbd7 15. d4 Qf7 16. Bxf6 Nxf6 17. f3 Ng8 18. Qe3 Qf4 19. Qxf4 exf4 20. Na4 b6
21. c4 Ne7 22. Kf2 Rad8 23. Nc3 Rf7 24. g3 Ng6 25. d5 e5 26. Ne2 fxg3+ 27. hxg3
c5 28. Rab1 Rd6 29. Rf1 h5 30. Nc3 Rdf6 31. Nb5+ Kb7 32. Ke2 a6 33. Nc3 h4 34.
gxh4 Nxh4 35. Rf2 Nxf3 36. Rbf1 Ng1+ 37. Ke3 Rxf2 38. Rxf2 Rxf2 39. Kxf2 Nh3+
40. Kg3 Nf4 41. Kg4 Nd3 42. b3 Nf4 43. Kf5 Nd3 44. Ke6 Kc7 45. Ke7 a5 46. d6+
1-0

[Event "AUTO-INT-997"]
[Site "http://www.queenalice.com/game.php?id=446033"]
[Date "2008.8.9"]
[Round "1"]
[White "wallt"]
[Black "Gagno"]
[Result "1-0"]
[WhiteElo "1800"]
[BlackElo "1825"]

1. d4 e6 2. Nc3 d5 3. Bf4 Bd7 4. e3 Bb4 5. Ne2 h5 6. Qd2 g5 7. a3 Bxc3 8. Qxc3
gxf4 9. Nxf4 Na6 10. Be2 Nf6 11. O-O Ne4 12. Qd3 Qg5 13. Bf3 h4 14. h3 O-O-O 15.
Bxe4 dxe4 16. Qxe4 Bc6 17. Qe5 Qxe5 18. dxe5 Bb5 19. Rfe1 Nc5 20. b3 Ne4 21. c4
Bd7 22. Rac1 Rhg8 23. Rcd1 Ng5 24. Kh1 Ne4 25. Kg1 f6 26. Nd3 fxe5 27. Nxe5 Be8
28. Rxd8+ Kxd8 29. Rd1+ Kc8 30. Rd4 Nc3 31. Kf1 Bc6 32. Nxc6 bxc6 33. Rxh4 Nb1
34. Rh6 Kd7 35. g4 Nd2+ 36. Ke2 Nxb3 37. Kd3 Nc5+ 38. Kd4 Kd6 39. e4 Nd7 40. c5+
Nxc5 41. e5+ Kd7 42. Kxc5 Rf8 43. Rf6 Rh8 44. Rf3 a5 45. Rd3+ Ke7 46. Kxc6 Rc8
47. Rd7+ Ke8 48. Rh7 Rd8 49. Rh8+ Ke7 50. Rh7+ Ke8 51. Kxc7 Rd3 52. Rh6 Kf7 53.
g5 Rxa3 54. Kd6 Rd3+ 55. Kc5 a4 56. g6+ 1-0

[Event "AUTO-INT-997"]
[Site "http://www.queenalice.com/game.php?id=446034"]
[Date "2008.8.9"]
[Round "1"]
[White "Gagno"]
[Black "wallt"]
[Result "0-1"]
[WhiteElo "1843"]
[BlackElo "1782"]

1. e4 e5 2. Nf3 Nc6 3. Bc4 h6 4. b3 Nf6 5. Bb2 Bc5 6. Nc3 Ng4 7. O-O Nxf2 8.
Rxf2 Bxf2+ 9. Kxf2 O-O 10. Nd5 d6 11. Kg1 Bg4 12. Qe1 Bxf3 13. gxf3 Rc8 14. Qg3
Qg5 15. Qxg5 hxg5 16. Bb5 Kh7 17. c3 a6 18. Be2 Kg6 19. Kf2 Rh8 20. Rh1 f6 21.
b4 b5 22. d3 Kf7 23. Bd1 Ne7 24. Bb3 Kf8 25. Nxe7 Kxe7 26. c4 c6 27. d4 Rhd8 28.
Kg3 Rh8 29. c5 dxc5 30. dxc5 Rh4 31. Bc3 Rch8 32. Be1 Rh3+ 33. Kg2 g6 34. Bg3
R3h7 35. Rd1 Rf8 36. Rd6 Rc8 37. Be6 Rc7 38. Kf2 Rh8 39. Bb3 Rf8 40. Re6+ Kd8
41. Rd6+ Kc8 42. Be6+ Kb7 43. Bb3 Re7 44. h4 Kc7 45. hxg5 fxg5 46. Rxg6 Kb7 47.
Rxg5 Rfe8 48. Ke3 Kc7 49. Bc2 Kb7 50. f4 exf4+ 51. Bxf4 a5 52. Bd6 Rf7 53. Bf4
axb4 54. Bb3 Rfe7 55. e5 Rh8 56. Ke4 Rh4 0-1

[Event "AUTO-INT-997"]
[Site "http://www.queenalice.com/game.php?id=446041"]
[Date "2008.8.9"]
[Round "1"]
[White "Gagno"]
[Black "THEJEGUE"]
[Result "1-0"]
[WhiteElo "1736"]
[BlackElo "1657"]

1. e4 e5 2. Nf3 d6 3. Bc4 Be6 4. Bxe6 fxe6 5. d3 h6 6. g3 g5 7. Nc3 g4 8. Nh4 h5
9. Ng6 Rh6 10. Nxf8 Rf6 11. Bg5 Kxf8 12. Bxf6 Qxf6 13. Nb5 Na6 14. O-O d5 15. f3
Qe7 16. fxg4+ Ke8 17. c4 d4 18. gxh5 c6 19. Na3 Kd7 20. Rf2 Nf6 21. Qf3 Rf8 22.
Raf1 Ke8 23. h6 Nh7 24. Qh5+ Kd7 25. Rxf8 Nxf8 26. Qxe5 Nh7 27. Qg7 Kd6 28.
Qxe7+ Kxe7 29. h4 Nb4 30. Rf3 Nxa2 31. Nc2 c5 32. Rf1 a6 33. Ra1 Nb4 34. Nxb4
cxb4 35. Ra4 Kd7 36. Rxb4 Kc6 37. Ra4 e5 38. b4 Kb6 39. g4 Kc6 40. g5 Nf8 41. h5
Kd7 42. g6 Ke7 43. h7 Nxg6 44. hxg6 Kf6 45. h8=Q+ Kxg6 46. Qxe5 Kf7 47. Ra2 b5
48. Rf2+ Kg8 49. Qg3+ Kh7 50. Rh2# 1-0

[Event "AUTO-INT-997"]
[Site "http://www.queenalice.com/game.php?id=446042"]
[Date "2008.8.9"]
[Round "1"]
[White "THEJEGUE"]
[Black "Gagno"]
[Result "0-1"]
[WhiteElo "1637"]
[BlackElo "1752"]

1. e4 e5 2. d3 Nc6 3. g3 Nf6 4. Bg5 Be7 5. h4 O-O 6. f4 d6 7. f5 Nd7 8. g4 Bxg5
9. hxg5 Qxg5 10. Rh5 Qe3+ 11. Ne2 Nd4 12. Rh3 Nf3+ 13. Rxf3 Qxf3 14. Nec3 Qxd1+
15. Nxd1 g6 16. g5 f6 17. fxg6 hxg6 18. gxf6 Nxf6 19. Ne3 Be6 20. Nc3 c6 21. Na4
Kg7 22. Kd2 Rh8 23. Be2 Rh2 24. c4 Ng4 25. Rg1 Nxe3 26. Kxe3 Rh3+ 27. Kd2 Rh2
28. b3 Rf8 29. c5 Rff2 30. Re1 Bg4 31. Kc3 Rxe2 32. Rf1 Rxa2 33. Kb4 Be2 34. Rc1
Bxd3 35. cxd6 Rh8 36. Re1 g5 37. Kc5 Rc2+ 38. Kb4 g4 39. Nc5 Ra8 40. Nxd3 a5+
41. Ka3 b5 42. Ra1 Rd2 43. Nxe5 g3 44. Nxc6 g2 45. e5 Kf7 46. Ne7 Ke6 47. Re1
Rf2 48. Nc6 Rf1 49. Nd4+ Kd5 50. Re2 g1=Q 51. Nxb5 Qc5+ 0-1

[Event "Challenge"]
[Site "http://www.queenalice.com/game.php?id=449865"]
[Date "2008.8.17"]
[Round "-"]
[White "Lintz"]
[Black "Gagno"]
[Result "1-0"]
[WhiteElo "1863"]
[BlackElo "1751"]

1. e4 e5 2. Nf3 Nc6 3. Bb5 a6 4. Ba4 Nf6 5. O-O Bc5 6. Bxc6 bxc6 7. Nxe5 Nxe4 8.
Qf3 Nf6 9. c3 O-O 10. d4 Re8 11. Re1 d6 12. Qxc6 Bd7 13. Qf3 Bb6 14. Nd3 Rxe1+
15. Nxe1 Bg4 16. Qd3 Qe7 17. Be3 Bd7 18. Nd2 Ng4 19. Nef3 Nxe3 20. fxe3 Bb5 21.
Qe4 Qxe4 22. Nxe4 Re8 23. Ng3 Rxe3 24. Re1 Rxe1+ 25. Nxe1 c5 26. Nf3 Bc6 27. Ne2
Bd5 28. a3 g6 29. Kf2 Kg7 30. dxc5 dxc5 31. Ke1 Kf6 32. Nf4 Be6 33. Nxe6 fxe6
34. c4 e5 35. Nd2 Ba5 36. Ke2 Bxd2 37. Kxd2 Kf5 38. b4 cxb4 39. axb4 Ke6 40. Ke3
Kd6 41. Ke4 Ke6 42. h4 h6 43. g4 Kd6 44. c5+ Ke6 45. g5 h5 46. c6 Kd6 47. c7
Kxc7 48. Kxe5 Kc6 49. Kf6 Kb5 50. Kxg6 Kxb4 51. Kxh5 a5 52. g6 a4 53. g7 a3 54.
g8=Q Kc3 55. Qa2 1-0

[Event "Challenge"]
[Site "http://www.queenalice.com/game.php?id=450061"]
[Date "2008.8.18"]
[Round "-"]
[White "Gagno"]
[Black "Lintz"]
[Result "1-0"]
[WhiteElo "1721"]
[BlackElo "1863"]

1. d4 Nf6 2. c4 g6 3. Nc3 Bg7 4. e4 d6 5. Nf3 O-O 6. Be2 c5 7. d5 e6 8. O-O Re8
9. Bg5 e5 10. Nd2 Nbd7 11. Qb3 a6 12. f4 exf4 13. Rxf4 Qc7 14. Raf1 Qd8 15. Bg4
Rf8 16. Bxd7 Qxd7 17. Bxf6 Bxf6 18. Rxf6 Qd8 19. h3 b6 20. Ne2 Qc7 21. Nf3 Qe7
22. Ng5 Rb8 23. Qf3 Rb7 24. Qf4 Kg7 25. h4 Qe5 26. Qxe5 dxe5 27. Nc1 b5 28. b3
bxc4 29. bxc4 Bg4 30. Ne6+ Bxe6 31. dxe6 a5 32. Rxf7+ Rfxf7 33. Rxf7+ Rxf7 34.
exf7 Kxf7 35. Nd3 Ke7 36. Nxc5 h6 37. a4 g5 38. Nb3 Kd6 39. hxg5 hxg5 40. Kf2
Ke6 41. g4 Kd6 42. Ke3 Kc7 43. Nxa5 Kb6 44. Nb3 Kc7 45. Nd2 Kb6 46. Nf3 1-0

[Event "Challenge"]
[Site "http://www.queenalice.com/game.php?id=455748"]
[Date "2008.8.30"]
[Round "-"]
[White "Gagno"]
[Black "hoovain"]
[Result "1-0"]
[WhiteElo "1813"]
[BlackElo "1865"]

1. e4 c5 2. Nf3 d6 3. Bc4 Nf6 4. Nc3 Bg4 5. e5 Bxf3 6. Qxf3 dxe5 7. Qxb7 Nbd7 8.
Nb5 Qc8 9. Qxc8+ Rxc8 10. Nxa7 Rc7 11. Nb5 Rb7 12. a4 e6 13. O-O Be7 14. d3 O-O
15. Nc3 Nb6 16. Bb5 Nfd5 17. a5 Nxc3 18. bxc3 Ra8 19. Bc6 Rba7 20. Bxa8 Rxa8 21.
Be3 Nd5 22. Bd2 c4 23. dxc4 Nf6 24. a6 Bc5 25. Be3 Bd6 26. a7 Nd7 27. Rfd1 1-0

[Event "Challenge"]
[Site "http://www.queenalice.com/game.php?id=455749"]
[Date "2008.8.30"]
[Round "-"]
[White "hoovain"]
[Black "Gagno"]
[Result "1-0"]
[WhiteElo "1753"]
[BlackElo "1808"]

1. e4 e5 2. Nf3 Nc6 3. Bb5 Nf6 4. d3 Bc5 5. O-O Ng4 6. h3 Nxf2 7. Rxf2 Bxf2+ 8.
Kxf2 Qf6 9. Bg5 Qg6 10. Nbd2 Na5 11. Nf1 Qb6+ 12. Kg3 Qxb5 13. b3 h6 14. Bc1 d6
15. Bb2 O-O 16. Qd2 b6 17. Ne3 Be6 18. c4 Qe8 19. Rf1 f5 20. Nxf5 Qg6+ 21. Kh2
Bxf5 22. exf5 Rxf5 23. Nh4 Qg5 24. Qxg5 Rxg5 25. g4 h5 26. Bc1 e4 27. Bxg5 Re8
28. d4 e3 29. Re1 e2 30. Ng2 Nc6 31. Be3 Nb4 32. Rxe2 hxg4 33. hxg4 d5 34. Nf4
dxc4 35. bxc4 a5 36. Bd2 Rxe2+ 37. Nxe2 Nxa2 38. Kg3 Kf7 39. Nc3 Nxc3 40. Bxc3
a4 41. Kf4 a3 42. Kf5 a2 43. d5 g6+ 44. Ke5 Ke7 45. g5 Kf7 46. d6 c6 47. d7 Ke7
48. d8=Q+ Kxd8 49. Kf6 b5 50. Kxg6 b4 51. Bb2 Kd7 52. Kh7 1-0

[Event "Challenge"]
[Site "http://www.queenalice.com/game.php?id=456894"]
[Date "2008.9.1"]
[Round "-"]
[White "Lintz"]
[Black "Gagno"]
[Result "0-1"]
[WhiteElo "1809"]
[BlackElo "1796"]

1. d4 e6 2. Nf3 Nf6 3. e3 c5 4. Bd3 cxd4 5. exd4 Nc6 6. O-O Qc7 7. Nc3 b6 8. Be2
a6 9. a3 Bd6 10. g3 Bb7 11. Ne1 Ne7 12. Bf3 Ned5 13. Nxd5 Nxd5 14. Bg2 O-O 15.
c3 a5 16. Bd2 Ba6 17. Nc2 Bxf1 18. Qxf1 Rac8 19. Bxd5 exd5 0-1

[Event "Challenge"]
[Site "http://www.queenalice.com/game.php?id=456895"]
[Date "2008.9.1"]
[Round "-"]
[White "Gagno"]
[Black "Lintz"]
[Result "1-0"]
[WhiteElo "1778"]
[BlackElo "1809"]

1. e4 e5 2. Nf3 Qe7 3. Bc4 g6 4. d3 Bg7 5. Nc3 c6 6. O-O Nf6 7. Ng5 O-O 8. Bxf7+
Rxf7 9. Nxf7 Qxf7 10. f4 exf4 11. Bxf4 d5 12. e5 Nh5 13. Bg5 Qe6 14. d4 Bf8 15.
Qf3 Nd7 16. Rf2 b6 17. Raf1 1-0

[Event "Challenge"]
[Site "http://www.queenalice.com/game.php?id=464974"]
[Date "2008.9.18"]
[Round "-"]
[White "Gagno"]
[Black "linluciano"]
[Result "1/2-1/2"]
[WhiteElo "1848"]
[BlackElo "1712"]

1. e4 e5 2. Nf3 Nc6 3. Bc4 Nf6 4. d3 Be7 5. Ng5 O-O 6. Bxf7+ Rxf7 7. Nxf7 Kxf7
8. O-O d5 9. f4 Qd6 10. Nc3 d4 11. Nb5 Qc5 12. Nxc7 Rb8 13. fxe5 Qxe5 14. Bf4
Qc5 15. Nd5 Bg4 16. Qd2 Rf8 17. Nxe7 Qxe7 18. Bg5 Kg8 19. Qf4 Bh5 20. Qh4 Qc5
21. Rf5 Qxc2 22. Bxf6 g6 23. Qg5 Qxd3 24. Qh6 Rf7 25. Bh8 gxf5 26. Qxh5 fxe4 27.
Rd1 Qe3+ 28. Kh1 d3 29. Be5 Nxe5 30. Qxe5 Qe2 31. Qe8+ Rf8 32. Qe6+ Rf7 33. Qe8+
Kg7 34. Qe5+ Kg8 35. Qe8+ Kg7 36. Qe5+ Rf6 37. Qe7+ Kg6 38. Qe8+ Kh6 39. Rg1 d2
40. g4 Rf1 41. g5+ Kg7 42. Qe7+ Kg6 43. Qe6+ Kg7 44. Qe7+ Kg8 45. Qe8+ Rf8 46.
Qe6+ Kg7 47. Qe7+ Kg8 48. Qe6+ 1/2-1/2

[Event "Challenge"]
[Site "http://www.queenalice.com/game.php?id=485816"]
[Date "2008.10.31"]
[Round "-"]
[White "Mike36bh"]
[Black "Gagno"]
[Result "0-1"]
[WhiteElo "1854"]
[BlackElo "1831"]

1. d4 e6 2. e4 Nf6 3. e5 Nd5 4. a3 c5 5. Nf3 Be7 6. Bc4 Nb6 7. Ba2 O-O 8. Be3
Nc6 9. dxc5 Na4 10. Bb3 Nxc5 11. Bxc5 Bxc5 12. O-O Qc7 13. Re1 f6 14. exf6 Rxf6
15. Nc3 Na5 16. Ba2 Nc6 17. Ne4 Rf5 18. Nxc5 Rxc5 19. c3 Ne7 20. Qc2 b6 21. c4
Bb7 22. Bb1 Rh5 23. h3 Bxf3 24. gxf3 Rg5+ 25. Kf1 Ng6 26. h4 Rh5 27. Qe4 Rf8 28.
Ba2 Rxh4 29. Qd3 Nf4 30. Qc3 Rh1# 0-1